[Event "MPA 1820 2024"]
[Site "Sianozety"]
[Date "2024.04.12"]
[Round "7.7"]
[White "Kuriata, Karol"]
[Black "Sarnik, Blazej"]
[Result "1-0"]
[BlackElo "1447"]
[WhiteElo "1648"]
[LiveChessVersion "1.4.4"]

1. e4 {[%clk 1:30:54]} c5 {[%clk 1:30:49]} 2. Nc3 {[%clk 1:31:12]} e6
{[%clk 1:31:05]} 3. Nge2 {[%clk 1:31:36]} a6 {[%clk 1:31:26]} 4. g3
{[%clk 1:31:53]} b5 {[%clk 1:31:52]} 5. Bg2 {[%clk 1:32:10]} Bb7 {[%clk 1:32:16]}
6. O-O {[%clk 1:32:14]} Nf6 {[%clk 1:31:54]} 7. d3 {[%clk 1:21:10]} d6
{[%clk 1:32:00]} 8. Re1 Nbd7 {[%clk 1:29:02]} 9. Bf4 {[%clk 1:17:23]} Be7
{[%clk 1:26:25]} 10. h3 {[%clk 1:09:00]} h5 {[%clk 1:09:53]} 11. Bg5
{[%clk 1:05:45]} Qb6 {[%clk 1:02:06]} 12. Qd2 {[%clk 0:59:04]} Ne5
{[%clk 0:55:51]} 13. f4 {[%clk 0:54:19]} Ng6 {[%clk 0:42:24]} 14. a3
{[%clk 0:37:16]} O-O-O {[%clk 0:35:22]} 15. Qe3 {[%clk 0:33:24]} d5 16. exd5
{[%clk 0:29:44]} exd5 {[%clk 0:31:26]} 17. Qf2 {[%clk 0:25:59]} h4
{[%clk 0:24:32]} 18. gxh4 {[%clk 0:23:06]} Nh5 {[%clk 0:22:19]} 19. Bxe7
{[%clk 0:20:17]} Nxe7 {[%clk 0:22:40]} 20. b4 {[%clk 0:18:06]} d4
{[%clk 0:22:53]} 21. bxc5 {[%clk 0:17:08]} Qg6 {[%clk 0:21:13]} 22. Ne4
{[%clk 0:15:39]} Nf5 {[%clk 0:19:28]} 23. Kh2 {[%clk 0:15:01]} Bd5
{[%clk 0:16:46]} 24. Nd6+ {[%clk 0:12:14]} Nxd6 {[%clk 0:15:03]} 25. Bxd5
{[%clk 0:12:35]} Nf5 {[%clk 0:14:14]} 26. Be4 {[%clk 0:12:12]} Qf6
{[%clk 0:14:01]} 27. Reb1 {[%clk 0:08:02]} Nxh4 {[%clk 0:12:50]} 28. a4
{[%clk 0:07:35]} b4 {[%clk 0:08:28]} 29. Rxb4 {[%clk 0:07:18]} g5
{[%clk 0:08:41]} 30. Rb6 {[%clk 0:06:56]} Qe7 {[%clk 0:08:24]} 31. Rab1
{[%clk 0:06:38]} Qa7 {[%clk 0:06:08]} 32. Rc6+ {[%clk 0:04:27]} Kd7
{[%clk 0:06:13]} 33. Qxd4+ {[%clk 0:04:55]} Ke8 {[%clk 0:06:05]} 34. Qxh8+
{[%clk 0:05:16]} 1-0

[Event "MPA 1820 2024"]
[Site "Sianozety"]
[Date "2024.04.12"]
[Round "7.8"]
[White "Kopacz, Przemyslaw"]
[Black "Labuc, Adrian"]
[Result "1/2-1/2"]
[BlackElo "1660"]
[WhiteElo "1774"]
[LiveChessVersion "1.4.4"]

1. c4 {[%clk 1:30:59]} e5 {[%clk 1:30:55]} 2. Nc3 {[%clk 1:31:24]} Nc6
{[%clk 1:31:17]} 3. g3 {[%clk 1:31:47]} g6 {[%clk 1:31:12]} 4. Bg2
{[%clk 1:32:13]} Bg7 {[%clk 1:31:33]} 5. e4 {[%clk 1:32:35]} d6 {[%clk 1:31:51]}
6. Nge2 {[%clk 1:32:57]} f5 {[%clk 1:31:24]} 7. d3 {[%clk 1:33:14]} Nf6
{[%clk 1:31:45]} 8. O-O {[%clk 1:33:34]} O-O {[%clk 1:32:07]} 9. h3
{[%clk 1:32:50]} Be6 {[%clk 1:24:07]} 10. f4 {[%clk 1:32:56]} Qd7
{[%clk 1:23:20]} 11. exf5 {[%clk 1:32:34]} Bxf5 {[%clk 1:23:07]} 12. Kh2
{[%clk 1:32:44]} Nb4 {[%clk 1:17:31]} 13. Ne4 {[%clk 1:29:58]} c6
{[%clk 1:14:14]} 14. Qb3 {[%clk 1:28:52]} c5 {[%clk 1:12:10]} 15. fxe5
{[%clk 1:23:38]} Nxe4 {[%clk 1:12:06]} 16. dxe4 {[%clk 1:23:40]} Bxe4
{[%clk 1:10:30]} 17. Bf4 {[%clk 1:04:52]} Bxg2 {[%clk 1:08:48]} 18. Kxg2
{[%clk 1:05:05]} dxe5 {[%clk 1:07:40]} 19. Bg5 {[%clk 1:02:01]} Qc6+
{[%clk 1:03:13]} 20. Kh2 {[%clk 1:01:38]} Qe4 {[%clk 1:03:08]} 21. Ng1
{[%clk 0:57:18]} h6 {[%clk 0:55:11]} 22. Be7 {[%clk 0:55:31]} Rxf1
{[%clk 0:51:39]} 23. Rxf1 {[%clk 0:55:56]} b6 {[%clk 0:48:47]} 24. Qf3
{[%clk 0:50:23]} Qxf3 {[%clk 0:48:58]} 25. Nxf3 {[%clk 0:50:09]} Nxa2
{[%clk 0:47:50]} 26. Nh4 {[%clk 0:49:06]} g5 {[%clk 0:45:33]} 27. Nf5
{[%clk 0:48:20]} Nb4 {[%clk 0:33:19]} 28. Nxg7 {[%clk 0:43:55]} Kxg7
{[%clk 0:33:44]} 29. Bf6+ {[%clk 0:44:21]} Kg6 {[%clk 0:33:01]} 30. Bxe5
{[%clk 0:44:44]} Nd3 {[%clk 0:31:24]} 31. Rf6+ {[%clk 0:43:44]} Kh7
{[%clk 0:26:36]} 32. Bc3 {[%clk 0:43:45]} Re8 {[%clk 0:25:09]} 33. Rf7+
{[%clk 0:43:14]} Kg6 {[%clk 0:25:36]} 34. Rf6+ {[%clk 0:43:05]} Kh7
{[%clk 0:25:53]} 35. Rf7+ {[%clk 0:43:31]} Kg6 {[%clk 0:26:05]} 36. Rg7+ 1/2-1/2

[Event "MPA 1820 2024"]
[Site "Sianozety"]
[Date "2024.04.12"]
[Round "7.10"]
[White "Siwek, Kornel"]
[Black "Goluch, Bartosz"]
[Result "1/2-1/2"]
[BlackElo "1728"]
[WhiteElo "1437"]
[LiveChessVersion "1.4.4"]

1. e4 {[%clk 1:30:56]} c5 {[%clk 1:30:58]} 2. Nf3 {[%clk 1:31:17]} Nc6
{[%clk 1:31:24]} 3. Bb5 {[%clk 1:31:35]} e6 {[%clk 1:31:47]} 4. c3
{[%clk 1:31:18]} a6 {[%clk 1:32:10]} 5. Ba4 {[%clk 1:31:47]} b5 {[%clk 1:32:19]}
6. Bc2 {[%clk 1:31:59]} g6 {[%clk 1:32:41]} 7. d4 {[%clk 1:31:08]} cxd4
{[%clk 1:33:02]} 8. cxd4 {[%clk 1:31:37]} d5 {[%clk 1:33:22]} 9. e5
{[%clk 1:25:39]} Bg7 {[%clk 1:32:13]} 10. Nbd2 {[%clk 1:22:27]} Nge7
{[%clk 1:30:28]} 11. Nb3 {[%clk 1:21:04]} O-O {[%clk 1:27:11]} 12. Nc5
{[%clk 1:17:54]} Qb6 {[%clk 1:26:38]} 13. Be3 {[%clk 1:14:23]} Nf5
{[%clk 1:23:08]} 14. Bxf5 {[%clk 1:11:05]} exf5 {[%clk 1:21:35]} 15. O-O
{[%clk 1:10:05]} a5 {[%clk 1:18:25]} 16. Rc1 {[%clk 1:07:31]} a4 {[%clk 1:17:27]}
17. Qd2 {[%clk 1:06:38]} Nd8 {[%clk 1:08:11]} 18. Bh6 {[%clk 1:05:28]} Ne6
{[%clk 1:06:59]} 19. a3 {[%clk 1:03:04]} Re8 {[%clk 1:01:30]} 20. Bxg7
{[%clk 1:01:44]} Kxg7 {[%clk 1:01:17]} 21. Rc2 {[%clk 0:56:19]} Nxc5
{[%clk 0:56:33]} 22. Rxc5 {[%clk 0:55:32]} Be6 {[%clk 0:56:18]} 23. Rfc1
{[%clk 0:55:28]} Rec8 {[%clk 0:55:45]} 24. Qg5 {[%clk 0:49:54]} Rxc5
{[%clk 0:47:47]} 25. Rxc5 {[%clk 0:50:17]} b4 {[%clk 0:47:50]} 26. Qc1
{[%clk 0:26:42]} bxa3 {[%clk 0:39:43]} 27. bxa3 {[%clk 0:27:09]} Rb8
{[%clk 0:39:51]} 28. h4 {[%clk 0:18:47]} h6 {[%clk 0:36:17]} 29. Kh2
{[%clk 0:18:23]} Qb2 {[%clk 0:35:52]} 30. Qxb2 {[%clk 0:18:18]} Rxb2
{[%clk 0:36:17]} 31. Ra5 {[%clk 0:18:30]} Bd7 {[%clk 0:33:27]} 32. Rxd5
{[%clk 0:11:24]} Bc6 {[%clk 0:32:37]} 33. Rc5 {[%clk 0:11:34]} Bxf3
{[%clk 0:32:45]} 34. gxf3 {[%clk 0:12:02]} Rb3 {[%clk 0:32:30]} 35. Ra5
{[%clk 0:11:05]} Rxa3 {[%clk 0:32:51]} 36. d5 {[%clk 0:09:06]} Rd3
{[%clk 0:24:37]} 37. d6 {[%clk 0:07:56]} f6 {[%clk 0:23:13]} 38. Ra7+
{[%clk 0:06:07]} Kf8 {[%clk 0:22:37]} 39. exf6 Rxd6 40. Rxa4 Rd3 1/2-1/2

[Event "MPA 1820 2024"]
[Site "Sianozety"]
[Date "2024.04.12"]
[Round "8.1"]
[White "Mencfel, Artur"]
[Black "Haluja, Wiktor"]
[Result "0-1"]
[BlackElo "1756"]
[WhiteElo "1757"]
[LiveChessVersion "1.4.4"]

1. d4 {[%clk 1:30:56]} g6 {[%clk 1:30:39]} 2. Nc3 {[%clk 1:31:17]} Bg7
{[%clk 1:31:00]} 3. Bf4 {[%clk 1:31:23]} d6 {[%clk 1:31:17]} 4. e3
{[%clk 1:31:44]} Nd7 {[%clk 1:31:34]} 5. g4 {[%clk 1:30:38]} e5 {[%clk 1:27:40]}
6. Bg3 {[%clk 1:30:55]} Nh6 {[%clk 1:24:46]} 7. h4 {[%clk 1:30:58]} O-O
{[%clk 1:16:02]} 8. d5 {[%clk 1:25:49]} Qe7 {[%clk 0:58:44]} 9. e4
{[%clk 1:25:58]} f5 {[%clk 0:54:20]} 10. g5 {[%clk 1:20:57]} Nf7 {[%clk 0:51:06]}
11. exf5 {[%clk 1:19:00]} gxf5 {[%clk 0:50:28]} 12. Qh5 {[%clk 1:18:48]} Nh8
{[%clk 0:43:01]} 13. O-O-O {[%clk 1:18:13]} Nc5 {[%clk 0:40:33]} 14. Qf3
{[%clk 1:14:37]} Bd7 {[%clk 0:30:21]} 15. Nh3 {[%clk 1:14:30]} Nf7
{[%clk 0:26:10]} 16. Qg2 {[%clk 1:07:16]} b5 {[%clk 0:24:31]} 17. h5
{[%clk 1:04:27]} f4 {[%clk 0:12:53]} 18. Bh4 {[%clk 1:03:34]} b4 {[%clk 0:08:50]}
19. Nb1 {[%clk 0:52:45]} f3 {[%clk 0:05:41]} 20. Qg1 {[%clk 0:52:42]} Kh8
{[%clk 0:02:23]} 21. h6 {[%clk 0:52:37]} Nxh6 {[%clk 0:02:48]} 22. Nf4
{[%clk 0:29:39]} Qf7 {[%clk 0:01:21]} 23. Nd3 {[%clk 0:24:54]} Nxd3+
{[%clk 0:00:55]} 24. Bxd3 {[%clk 0:25:23]} Qf4+ {[%clk 0:01:24]} 25. Nd2
{[%clk 0:25:51]} Nf5 {[%clk 0:01:19]} 26. Bg3 {[%clk 0:21:22]} Qxg5
{[%clk 0:01:47]} 27. Qh2 {[%clk 0:21:30]} Qh6 {[%clk 0:01:10]} 28. Qg1
{[%clk 0:19:02]} Qg5 {[%clk 0:01:39]} 29. Kb1 {[%clk 0:18:59]} h6
{[%clk 0:00:42]} 30. Nxf3 {[%clk 0:18:30]} Qg4 {[%clk 0:00:42]} 31. Nh4
{[%clk 0:16:26]} e4 {[%clk 0:00:34]} 32. Nxf5 {[%clk 0:12:34]} Qxf5
{[%clk 0:00:53]} 33. Bf1 {[%clk 0:05:57]} Qf6 {[%clk 0:01:16]} 34. Kc1
{[%clk 0:06:24]} Qxb2+ {[%clk 0:01:35]} 35. Kd2 {[%clk 0:06:52]} Qc3+
{[%clk 0:00:42]} 36. Kc1 {[%clk 0:07:21]} Qa1+ {[%clk 0:00:39]} 37. Kd2
{[%clk 0:07:50]} Qc3+ {[%clk 0:00:52]} 38. Kc1 {[%clk 0:08:09]} Ba4
{[%clk 0:01:03]} 0-1

[Event "MPA 1820 2024"]
[Site "Sianozety"]
[Date "2024.04.12"]
[Round "8.2"]
[White "Czepczynski, Boguslaw"]
[Black "Adamowicz, Michal"]
[Result "1/2-1/2"]
[BlackElo "1741"]
[WhiteElo "1771"]
[LiveChessVersion "1.4.4"]

1. c4 {[%clk 1:30:56]} c5 {[%clk 1:30:52]} 2. Nc3 {[%clk 1:31:18]} Nc6
{[%clk 1:31:13]} 3. g3 {[%clk 1:31:40]} g6 {[%clk 1:31:34]} 4. Bg2
{[%clk 1:32:04]} Bg7 {[%clk 1:32:02]} 5. Nf3 {[%clk 1:32:21]} Nf6
{[%clk 1:32:29]} 6. O-O {[%clk 1:32:41]} d6 {[%clk 1:32:53]} 7. d4
{[%clk 1:32:32]} cxd4 {[%clk 1:33:19]} 8. Nxd4 {[%clk 1:32:56]} Bd7
{[%clk 1:33:41]} 9. e4 {[%clk 1:29:19]} O-O {[%clk 1:32:57]} 10. Be3
{[%clk 1:27:36]} Ng4 {[%clk 1:31:51]} 11. Nxc6 {[%clk 1:27:03]} Nxe3
{[%clk 1:30:47]} 12. Nxd8 {[%clk 1:09:59]} Nxd1 {[%clk 1:31:11]} 13. Nxd1
{[%clk 1:10:05]} Rfxd8 {[%clk 1:31:09]} 14. Rc1 {[%clk 1:10:24]} Rac8
{[%clk 1:30:36]} 15. b3 {[%clk 1:10:28]} b5 {[%clk 1:30:32]} 16. Ne3
{[%clk 1:07:36]} Kf8 {[%clk 1:23:19]} 17. Rfd1 {[%clk 1:02:52]} bxc4
{[%clk 1:20:59]} 18. Nxc4 {[%clk 1:00:06]} Bb5 {[%clk 1:21:11]} 19. Bf1
{[%clk 0:59:18]} Bc6 {[%clk 1:19:04]} 20. Bg2 {[%clk 0:58:50]} Ba8
{[%clk 1:18:57]} 21. Rc2 {[%clk 0:56:30]} Rc5 {[%clk 1:16:12]} 22. Rdc1
{[%clk 0:54:53]} d5 {[%clk 1:08:46]} 23. exd5 {[%clk 0:50:16]} Bxd5
{[%clk 1:09:00]} 24. Bxd5 {[%clk 0:48:34]} Rcxd5 {[%clk 1:09:19]} 25. Ne3
{[%clk 0:48:58]} R5d7 {[%clk 1:09:21]} 26. Rc7 {[%clk 0:49:07]} Be5
{[%clk 1:05:32]} 27. Rxd7 {[%clk 0:47:36]} Rxd7 {[%clk 1:05:53]} 28. Rc2
{[%clk 0:48:01]} Bc7 {[%clk 1:04:45]} 29. Kf1 {[%clk 0:48:04]} f6
{[%clk 1:01:13]} 30. Ke2 {[%clk 0:48:22]} Kf7 {[%clk 1:00:41]} 31. Rc6
{[%clk 0:47:02]} e5 {[%clk 1:00:15]} 32. Nd5 {[%clk 0:45:59]} Bd8
{[%clk 1:00:27]} 33. Ne3 Bb6 {[%clk 1:00:06]} 34. Nc4 {[%clk 0:45:39]} Bd4
{[%clk 0:54:57]} 35. f3 {[%clk 0:44:48]} Ke7 {[%clk 0:54:19]} 36. h3
{[%clk 0:44:52]} h5 {[%clk 0:50:45]} 37. Nd2 {[%clk 0:43:00]} Rd6
{[%clk 0:48:06]} 38. Rc7+ {[%clk 0:41:20]} Rd7 {[%clk 0:47:15]} 39. Rc6
{[%clk 0:41:39]} Rd6 {[%clk 0:47:14]} 1/2-1/2

[Event "MPA 1820 2024"]
[Site "Sianozety"]
[Date "2024.04.12"]
[Round "8.3"]
[White "Iwan, Patryk"]
[Black "Przytocki, Bartosz"]
[Result "1/2-1/2"]
[BlackElo "1651"]
[WhiteElo "1815"]
[LiveChessVersion "1.4.4"]

1. e4 {[%clk 1:30:59]} c5 {[%clk 1:30:54]} 2. Nf3 {[%clk 1:31:25]} d6
{[%clk 1:31:20]} 3. d4 {[%clk 1:31:49]} cxd4 {[%clk 1:31:45]} 4. Nxd4
{[%clk 1:32:15]} Nf6 {[%clk 1:32:09]} 5. Nc3 {[%clk 1:32:42]} g6 {[%clk 1:32:33]}
6. Be3 {[%clk 1:32:40]} Bg7 {[%clk 1:32:54]} 7. f3 {[%clk 1:32:22]} O-O
{[%clk 1:33:15]} 8. Bc4 {[%clk 1:32:26]} Nc6 {[%clk 1:33:32]} 9. Bb3
{[%clk 1:32:49]} Nxd4 {[%clk 1:30:28]} 10. Bxd4 {[%clk 1:33:11]} Be6
{[%clk 1:30:52]} 11. Qd2 {[%clk 1:27:53]} Qa5 {[%clk 1:30:22]} 12. O-O
{[%clk 1:26:55]} Rfc8 {[%clk 1:26:38]} 13. Rad1 {[%clk 1:24:27]} b5
{[%clk 1:20:42]} 14. Rfe1 {[%clk 1:16:05]} Bxb3 {[%clk 1:07:16]} 15. axb3
{[%clk 1:14:48]} b4 {[%clk 1:06:22]} 16. Na4 {[%clk 1:03:57]} Nd7
{[%clk 0:57:07]} 17. Bxg7 {[%clk 0:53:51]} Kxg7 {[%clk 0:57:27]} 18. Re2
{[%clk 0:50:44]} Qb5 {[%clk 0:38:48]} 19. Qd4+ {[%clk 0:50:01]} Kg8
{[%clk 0:39:11]} 20. Rdd2 {[%clk 0:50:01]} Rc7 {[%clk 0:34:23]} 21. f4
{[%clk 0:43:19]} Rac8 {[%clk 0:32:32]} 22. h3 {[%clk 0:39:58]} Nc5
{[%clk 0:25:35]} 23. Nxc5 {[%clk 0:36:20]} dxc5 {[%clk 0:23:43]} 24. Qd5
{[%clk 0:33:53]} e6 {[%clk 0:21:47]} 25. Qg5 {[%clk 0:28:44]} Qb6
{[%clk 0:15:47]} 26. Kh2 {[%clk 0:28:36]} c4 {[%clk 0:14:48]} 27. Rd8+
{[%clk 0:25:50]} Rxd8 {[%clk 0:12:02]} 28. Qxd8+ {[%clk 0:26:14]} Kg7
{[%clk 0:12:27]} 29. f5 {[%clk 0:22:08]} exf5 {[%clk 0:11:38]} 30. exf5
{[%clk 0:22:27]} Rc6 {[%clk 0:10:18]} 31. Qxb6 {[%clk 0:21:17]} axb6
{[%clk 0:10:43]} 32. fxg6 {[%clk 0:21:20]} cxb3 {[%clk 0:09:33]} 33. cxb3
{[%clk 0:21:43]} hxg6 {[%clk 0:09:55]} 34. Re4 {[%clk 0:21:54]} Rc2
{[%clk 0:09:53]} 35. Rxb4 {[%clk 0:22:14]} Rxb2 {[%clk 0:08:01]} 36. Rxb6
{[%clk 0:22:41]} Ra2 {[%clk 0:08:16]} 37. b4 {[%clk 0:22:36]} Rb2
{[%clk 0:08:40]} 38. b5 {[%clk 0:22:27]} Rb1 {[%clk 0:08:59]} 39. Rb8
{[%clk 0:22:39]} Rb3 {[%clk 0:08:40]} 40. b6 {[%clk 0:22:41]} g5 {[%clk 0:07:40]}
41. b7 {[%clk 0:22:46]} Kh7 {[%clk 0:07:20]} 42. Kg1 {[%clk 0:22:41]} Rb2
{[%clk 0:07:29]} 43. g4 {[%clk 0:22:12]} Kg7 {[%clk 0:07:52]} 44. Kf1
{[%clk 0:22:33]} Kh7 {[%clk 0:08:08]} 45. Ke1 {[%clk 0:22:56]} Kg7
{[%clk 0:08:30]} 46. Kd1 {[%clk 0:23:23]} Kh7 {[%clk 0:08:29]} 47. Kc1
{[%clk 0:23:33]} Rb6 {[%clk 0:08:38]} 48. Kc2 {[%clk 0:23:41]} Kg7
{[%clk 0:09:01]} 49. Kc3 {[%clk 0:23:49]} Kf6 {[%clk 0:09:03]} 50. Kd3
{[%clk 0:22:12]} Rb3+ {[%clk 0:09:14]} 51. Ke4 {[%clk 0:21:24]} Rb4+
{[%clk 0:08:19]} 52. Kd5 {[%clk 0:21:02]} Rb1 {[%clk 0:08:41]} 53. Kc6
{[%clk 0:19:54]} Rc1+ {[%clk 0:09:04]} 54. Kd7 {[%clk 0:19:45]} Rd1+
{[%clk 0:09:15]} 55. Ke8 {[%clk 0:18:31]} Rb1 {[%clk 0:07:11]} 56. Kf8
{[%clk 0:17:54]} Kg6 {[%clk 0:06:07]} 57. Ke7 {[%clk 0:18:03]} Kg7
{[%clk 0:06:30]} 58. Kd6 {[%clk 0:17:21]} Kf6 {[%clk 0:06:11]} 59. Kd7
{[%clk 0:15:23]} Kg7 {[%clk 0:06:27]} 60. Kc6 {[%clk 0:14:21]} Rc1+
{[%clk 0:06:49]} 61. Kd5 {[%clk 0:14:12]} Rb1 {[%clk 0:06:29]} 62. Ke4
{[%clk 0:13:41]} Rb4+ {[%clk 0:06:46]} 63. Ke5 {[%clk 0:12:38]} Rb5+
{[%clk 0:07:01]} 64. Kd6 {[%clk 0:10:07]} Rb1 {[%clk 0:07:17]} 65. Kd5
{[%clk 0:08:45]} Rb2 {[%clk 0:07:15]} 66. Kd4 {[%clk 0:05:50]} Rb1
{[%clk 0:07:25]} 67. Kc3 {[%clk 0:05:34]} Rb6 {[%clk 0:07:39]} 68. Kd4
{[%clk 0:05:30]} Rb1 {[%clk 0:08:01]} 69. Ke5 {[%clk 0:04:12]} Rb5+
{[%clk 0:08:07]} 70. Ke4 {[%clk 0:03:17]} Rb4+ {[%clk 0:08:02]} 71. Kd5
{[%clk 0:03:25]} Rb1 {[%clk 0:08:14]} 72. Kd6 {[%clk 0:02:48]} Rd1+
{[%clk 0:08:17]} 73. Ke5 {[%clk 0:02:20]} Rb1 {[%clk 0:08:19]} 74. Ke4
{[%clk 0:01:01]} Rb4+ {[%clk 0:08:23]} 75. Ke3 {[%clk 0:01:23]} Rb1
{[%clk 0:08:41]} 76. Kd3 {[%clk 0:01:26]} Rb6 {[%clk 0:08:52]} 77. Kd4
{[%clk 0:01:08]} Rb1 {[%clk 0:08:49]} 78. Kc5 {[%clk 0:01:08]} Rc1+
{[%clk 0:08:39]} 79. Kd6 {[%clk 0:01:18]} Rd1+ {[%clk 0:08:59]} 80. Ke5
{[%clk 0:01:39]} Rb1 {[%clk 0:09:18]} 81. Rd8 {[%clk 0:01:09]} Rxb7
{[%clk 0:09:37]} 82. Rd5 {[%clk 0:01:18]} Rb3 {[%clk 0:09:52]} 83. Kf5
{[%clk 0:01:27]} Rxh3 {[%clk 0:09:44]} 84. Kxg5 {[%clk 0:01:49]} Rh1
{[%clk 0:09:36]} 1/2-1/2

[Event "MPA 1820 2024"]
[Site "Sianozety"]
[Date "2024.04.12"]
[Round "8.4"]
[White "Stepien, Janusz"]
[Black "Bajno, Adam"]
[Result "0-1"]
[BlackElo "1731"]
[WhiteElo "1732"]
[LiveChessVersion "1.4.4"]

1. d4 {[%clk 1:30:51]} d5 {[%clk 1:30:53]} 2. c4 {[%clk 1:31:02]} e5
{[%clk 1:30:49]} 3. e3 {[%clk 1:28:52]} dxc4 {[%clk 1:30:03]} 4. Bxc4
{[%clk 1:27:42]} exd4 {[%clk 1:30:16]} 5. exd4 {[%clk 1:22:13]} Nf6
{[%clk 1:27:10]} 6. Ne2 {[%clk 1:20:26]} Bd6 {[%clk 1:26:37]} 7. Nbc3
{[%clk 1:17:03]} Nbd7 {[%clk 1:25:02]} 8. Qc2 {[%clk 1:14:45]} Nb6
{[%clk 1:23:58]} 9. Bb3 {[%clk 1:14:15]} O-O {[%clk 1:18:31]} 10. Bg5
{[%clk 1:13:50]} Re8 {[%clk 1:14:19]} 11. f3 {[%clk 1:11:22]} Be7
{[%clk 1:12:28]} 12. O-O {[%clk 1:07:25]} Nfd5 {[%clk 1:12:09]} 13. Bd2
{[%clk 1:06:21]} Be6 {[%clk 1:08:14]} 14. Ne4 {[%clk 0:56:38]} Bf5
{[%clk 1:04:48]} 15. Kh1 {[%clk 0:54:10]} Qd7 {[%clk 0:58:15]} 16. a4
{[%clk 0:48:18]} a5 {[%clk 0:57:37]} 17. Rac1 {[%clk 0:47:14]} c6
{[%clk 0:56:42]} 18. Qd1 {[%clk 0:46:44]} Bd6 {[%clk 0:52:40]} 19. Nxd6
{[%clk 0:42:04]} Qxd6 {[%clk 0:53:08]} 20. Ng3 {[%clk 0:42:05]} Bg6
{[%clk 0:50:13]} 21. Re1 {[%clk 0:37:15]} Nb4 {[%clk 0:49:57]} 22. Bxb4
{[%clk 0:31:38]} Qxb4 {[%clk 0:49:27]} 23. Ne4 {[%clk 0:26:41]} Rad8
{[%clk 0:46:19]} 24. Nc5 {[%clk 0:23:59]} Nd5 {[%clk 0:40:57]} 25. Bxd5
{[%clk 0:21:12]} cxd5 {[%clk 0:41:25]} 26. Rxe8+ {[%clk 0:19:07]} Rxe8
{[%clk 0:41:22]} 27. b3 {[%clk 0:14:21]} Bc2 {[%clk 0:26:59]} 28. Qg1
{[%clk 0:11:00]} b6 {[%clk 0:27:00]} 29. Nd7 {[%clk 0:11:10]} Bxb3
{[%clk 0:25:26]} 30. Rb1 {[%clk 0:09:45]} Qxa4 {[%clk 0:21:52]} 31. Ne5
{[%clk 0:09:52]} f6 {[%clk 0:21:44]} 32. Ng4 {[%clk 0:10:03]} Qb5
{[%clk 0:17:17]} 33. h4 {[%clk 0:10:18]} h5 {[%clk 0:16:38]} 34. Nf2
{[%clk 0:09:05]} a4 {[%clk 0:16:39]} 35. g4 {[%clk 0:09:26]} Qe2 {[%clk 0:16:24]}
36. Qg2 {[%clk 0:09:21]} Re3 {[%clk 0:16:28]} 37. f4 {[%clk 0:06:17]} hxg4
{[%clk 0:14:50]} 38. Rxb3 {[%clk 0:06:30]} axb3 {[%clk 0:15:12]} 39. Qxd5+
{[%clk 0:06:52]} Re6 {[%clk 0:15:32]} 40. Qxb3 {[%clk 0:06:40]} Qf1+
{[%clk 0:15:46]} 41. Kh2 {[%clk 0:06:42]} Qxf2+ {[%clk 0:16:14]} 42. Kh1
{[%clk 0:07:01]} Qf3+ {[%clk 0:16:30]} 0-1

[Event "MPA 1820 2024"]
[Site "Sianozety"]
[Date "2024.04.12"]
[Round "8.5"]
[White "Pierzak, Rafael"]
[Black "Hombek, Mariusz"]
[Result "1/2-1/2"]
[BlackElo "1531"]
[WhiteElo "1819"]
[LiveChessVersion "1.4.4"]

1. c4 {[%clk 1:30:56]} Nf6 {[%clk 1:30:57]} 2. Nc3 {[%clk 1:31:20]} g6
{[%clk 1:31:22]} 3. g3 {[%clk 1:31:43]} Bg7 {[%clk 1:31:39]} 4. Bg2
{[%clk 1:32:08]} d6 {[%clk 1:32:05]} 5. e4 {[%clk 1:32:24]} e5 {[%clk 1:31:56]}
6. Nge2 {[%clk 1:32:45]} O-O {[%clk 1:31:49]} 7. d3 {[%clk 1:32:59]} Nc6
{[%clk 1:31:17]} 8. O-O {[%clk 1:33:22]} Nh5 {[%clk 1:27:37]} 9. h3
{[%clk 1:22:47]} f5 {[%clk 1:19:44]} 10. exf5 {[%clk 1:19:59]} gxf5 11. Kh2
{[%clk 1:04:41]} f4 {[%clk 1:15:19]} 12. Ng1 {[%clk 1:04:18]} Qg5
{[%clk 1:08:26]} 13. Ne4 {[%clk 1:04:32]} Qg6 {[%clk 1:07:55]} 14. g4
{[%clk 1:03:29]} Nf6 {[%clk 1:07:33]} 15. Nxf6+ {[%clk 1:03:03]} Bxf6
{[%clk 1:02:26]} 16. Be4 {[%clk 0:57:09]} Qh6 {[%clk 1:02:26]} 17. f3
{[%clk 0:56:04]} Nd4 {[%clk 0:55:14]} 18. Bd2 {[%clk 0:51:33]} c6
{[%clk 0:47:08]} 19. Ne2 {[%clk 0:48:56]} Nxe2 {[%clk 0:42:36]} 20. Qxe2
{[%clk 0:49:25]} Be6 21. d4 Bf7 1/2-1/2

[Event "MPA 1820 2024"]
[Site "Sianozety"]
[Date "2024.04.12"]
[Round "8.8"]
[White "Labuc, Adrian"]
[Black "Przygrodzki, Jan"]
[Result "1-0"]
[BlackElo "1802"]
[WhiteElo "1660"]
[LiveChessVersion "1.4.4"]

1. Nf3 {[%clk 1:30:57]} Nf6 {[%clk 1:29:58]} 2. d4 {[%clk 1:31:19]} d5
{[%clk 1:29:00]} 3. Bf4 {[%clk 1:31:35]} c5 {[%clk 1:28:56]} 4. c3
{[%clk 1:31:56]} Nc6 {[%clk 1:28:47]} 5. h3 {[%clk 1:30:45]} Qb6 {[%clk 1:27:33]}
6. Qb3 {[%clk 1:30:57]} c4 {[%clk 1:26:34]} 7. Qxb6 {[%clk 1:30:14]} axb6
{[%clk 1:26:55]} 8. Nbd2 {[%clk 1:29:37]} b5 {[%clk 1:19:42]} 9. e3
{[%clk 1:26:01]} h6 {[%clk 1:14:47]} 10. Be2 {[%clk 1:24:46]} Bf5
{[%clk 1:14:47]} 11. O-O {[%clk 1:24:26]} e6 {[%clk 1:14:04]} 12. a3
{[%clk 1:22:28]} Nd7 {[%clk 1:13:55]} 13. Ne5 {[%clk 1:22:26]} Ncxe5
{[%clk 1:02:46]} 14. Bxe5 {[%clk 1:22:37]} Bg6 {[%clk 0:58:52]} 15. g4
{[%clk 1:18:23]} Nb6 {[%clk 0:49:16]} 16. f3 {[%clk 1:12:17]} f6 {[%clk 0:39:51]}
17. Bg3 {[%clk 1:10:07]} Na4 {[%clk 0:32:46]} 18. Ra2 {[%clk 1:10:30]} Kd7
{[%clk 0:29:42]} 19. e4 {[%clk 1:07:35]} Bd6 {[%clk 0:29:19]} 20. Bxd6
{[%clk 1:05:20]} Kxd6 {[%clk 0:29:43]} 21. exd5 {[%clk 1:03:07]} exd5
{[%clk 0:29:34]} 22. f4 {[%clk 1:01:52]} Bc2 {[%clk 0:25:47]} 23. Bd1
{[%clk 0:54:35]} Bxd1 {[%clk 0:25:14]} 24. Rxd1 {[%clk 0:54:36]} Rhe8
{[%clk 0:25:29]} 25. Kf2 {[%clk 0:54:48]} Re7 {[%clk 0:20:40]} 26. Re1
{[%clk 0:53:50]} Rae8 {[%clk 0:21:00]} 27. Rxe7 {[%clk 0:54:12]} Rxe7
{[%clk 0:21:28]} 28. f5 {[%clk 0:53:33]} Re8 {[%clk 0:17:12]} 29. Nf1
{[%clk 0:53:39]} Ke7 {[%clk 0:15:58]} 30. Ng3 {[%clk 0:54:01]} Kf7
{[%clk 0:15:46]} 31. Ne2 {[%clk 0:53:41]} Re4 {[%clk 0:12:36]} 32. Kf3
{[%clk 0:50:34]} Nb6 {[%clk 0:11:19]} 33. Ra1 {[%clk 0:50:33]} Re7
{[%clk 0:09:54]} 34. Nf4 {[%clk 0:50:37]} Nc8 {[%clk 0:08:39]} 35. Nxd5
{[%clk 0:49:53]} Rd7 {[%clk 0:07:34]} 36. Nf4 {[%clk 0:49:58]} Nb6
{[%clk 0:07:53]} 37. Re1 {[%clk 0:49:55]} Na4 {[%clk 0:07:57]} 38. Re2
{[%clk 0:50:04]} Re7 {[%clk 0:08:13]} 39. Ne6 {[%clk 0:49:14]} g5
{[%clk 0:07:40]} 40. d5 {[%clk 0:48:49]} b6 {[%clk 0:06:57]} 41. d6
{[%clk 0:47:27]} Rd7 {[%clk 0:06:36]} 42. Rd2 {[%clk 0:47:11]} Nc5
{[%clk 0:04:58]} 43. Nxc5 {[%clk 0:47:31]} bxc5 {[%clk 0:05:26]} 44. Ke4 1-0